000 01242nam a2200217 a 4500
008 120416s2002 ||||||||||||||||| || u
020 _a0954388100
050 _aTP 155 Hol
100 _aHoldich, G. Richard
245 1 0 _aFundamentals of particle technology
260 _aU.K
_bMidland information technology & publish
_c2002
300 _a173p. : ill.
350 _a0.00
650 7 _aTECHNOLOGY
_2fast
650 _aPARTICLE TECHNOLOGY
995 _aMAIN LIBRARY OPEN ACCESS
_D0.00
_e737253
_FCBU-MAIN LIBRARY (Kitwe)
_H1
_I15.00
_jTP 155 Hol
_M1
_UAVAILABLE
_y41936
_ZMain Library Open Access Collection
995 _aMAIN LIBRARY OPEN ACCESS
_D0.00
_e737254
_FCBU-MAIN LIBRARY (Kitwe)
_H3
_I15.00
_jTP 155 Hol
_M3
_UAVAILABLE
_y41938
_ZMain Library Open Access Collection
995 _aMAIN LIBRARY OPEN ACCESS
_D0.00
_e737250
_FCBU-MAIN LIBRARY (Kitwe)
_H2
_I15.00
_jTP 155 Hol
_M2
_UAVAILABLE
_y41933
_ZMain Library Open Access Collection
995 _aMAIN LIBRARY OPEN ACCESS
_D0.00
_e737251
_FCBU-MAIN LIBRARY (Kitwe)
_H5
_I15.00
_jTP 155 Hol
_M5
_UAVAILABLE
_y41934
_ZMain Library Open Access Collection
995 _aMAIN LIBRARY OPEN ACCESS
_D0.00
_e737251
_FCBU-MAIN LIBRARY (Kitwe)
_H4
_I15.00
_jTP 155 Hol
_M4
_UAVAILABLE
_y41935
_ZMain Library Open Access Collection
999 _c63374
_d63374